|
|
|
|
| LEADER |
01011nam a22002532a 4500 |
| 001 |
001847751 |
| 003 |
CZ BrMZK |
| 005 |
20250814093935.0 |
| 007 |
ta |
| 008 |
230203s1939 gw af er|||||||||||ger d |
| 035 |
|
|
|a (OCoLC)885143
|
| 040 |
|
|
|a DLC
|b cze
|c DeU
|d DLC
|e aacr2
|d LIA001
|d ABD001
|d BOA001
|
| 072 |
|
7 |
|a 39
|x Kulturní antropologie. Etnologie. Etnografie
|2 Konspekt
|9 1
|
| 100 |
1 |
|
|a Langenbucher, Hellmuth
|4 aut
|
| 245 |
1 |
4 |
|a Die deutsche Gegenwartsdichtung :
|b eine Einführung in das volkhafte Schrifttum unserer Zeit /
|c von Hellmuth Langenbucher
|
| 260 |
|
|
|a Berlin :
|b Junker und Dünnhaupt,
|c 1939
|
| 300 |
|
|
|a 238 s., obr. příl. :
|b il., portréty
|
| 500 |
|
|
|a Obsahuje rejstřík
|
| 546 |
|
|
|a Tištěno švabachem
|
| 910 |
|
|
|a BOA001
|b 2-0230.761
|b 2-0156.076
|
| 990 |
|
|
|a BK
|
| 991 |
|
|
|b 202302
|
| 996 |
7 |
|
|b 2618747940
|c 2-0230.761
|l MZK
|r Sklad / do 24 hodin
|n 0
|w 001914137
|u 000010
|a 1
|e BOA001
|j MZK50
|s A
|
| 996 |
6 |
|
|b BC-2598046
|c 2-0156.076
|l MZK
|r Sklad / do 24 hodin
|n 0
|w 001914137
|u 000020
|a 1
|e BOA001
|j MZK50
|s P
|